Statistics for The 1975 The Ballad Of Me And My Brain Lyrics

Click here to take the quiz!

General Stats

  • This quiz has been taken 59 times
  • The average score is 156 of 175

Answer Stats

Answer% Correct
a
100%
an
100%
brain
100%
gone
100%
had
100%
I
100%
it
100%
that
100%
think
100%
you
100%
and
97%
Isn't
97%
I've
97%
my
97%
so
97%
the
97%
The
97%
What
97%
what
97%
but
95%
But
95%
car
95%
got
95%
have
95%
in
95%
last
95%
mad
95%
me
95%
never
95%
on
95%
sad
95%
she
95%
adores
92%
autograph
92%
daughter
92%
for
92%
going
92%
if
92%
Laura
92%
left
92%
lost
92%
seen
92%
shit"
92%
sign
92%
was
92%
Well
92%
"Your
92%
you're
92%
you've
92%
be
89%
bit
89%
can't
89%
cause
89%
far
89%
flirting
89%
It's
89%
must
89%
or
89%
run
89%
shame
89%
train
89%
when
89%
would
89%
ya
89%
anybody
87%
bar
87%
gotta
87%
look
87%
no
87%
Oh
87%
Sainsbury's
87%
waiting
87%
Asked
84%
bus
84%
expect
84%
eyes
84%
mind
84%
mum
84%
name
84%
outside
84%
with
84%
check
82%
declared
82%
girls
82%
hurt
82%
likely
82%
Where
82%
do
79%
jumped
76%
stepped
76%
all
74%
day
74%
drove
74%
insane
74%
of
74%
searched
68%
couldn't
66%
find
66%
trace
66%
single
63%
remember
58%
did
55%
Forget
55%
nice
55%
"Oops
53%
pain
53%
told
53%
felt
50%
nurse
50%
playing
50%
again"
47%
started
47%

Score Distribution

Percentile by Number Answered

Percent of People with Each Score

Your Score History

You have not taken this quiz